000 00783nam a2200265 4500
001 46302
010 _a9789720043832
021 _b372006/14
090 _a46302
100 _a20140827d2014 em y0pory50030103ba
101 1 _apor
102 _aPT
200 1 _aConvergente
_fVeronica Roth
_gtrad. Alcinda Marinho
205 _a1.ª ed.
210 9 _aPorto
_cPorto Editora,
_d2014
215 _a415, [2] p.
_d24 cm
304 _aTít. orig.: Allegiant
675 _a821.111(73)-312.9"20"
_vBN
_zpor
675 _a821.111(73)-93"20"
_vBN
_zpor
675 _a087.5
_vBN
_zpor
700 1 _aRoth,
_bVeronica,
_f1988-
702 1 _aMarinho,
_bAlcinda
_4730
801 0 _aPT
_bBN
_gRPC
856 4 1 _uhttp://rnod.bnportugal.gov.pt/ImagesBN/winlibimg.aspx?skey=&doc=1882465&img=47223&save=true
990 _cLIVROS